| 000 | 00791nam a22002418a 4500 | ||
|---|---|---|---|
| 001 | 015390695 | ||
| 003 | OSt | ||
| 005 | 20140123104342.0 | ||
| 008 | 091007t2008 xxuadk frb 001 0 eng d | ||
| 020 | _a9780137043774 (pbk.) | ||
| 020 | _a0137043775 (pbk.) | ||
| 082 | 0 | 4 |
_a658.155 _222 _bDAM |
| 100 | 1 |
_aDamodaran, Aswath _913755 |
|
| 245 | 1 | 0 |
_aStrategic risk taking : _ba framework for risk management / _cAswath Damodaran. |
| 260 |
_aUpper Saddle River, United States : _bPearson Education, Inc, _cc.2008. |
||
| 300 |
_axviii, 388 p. : _bchart, forms, tables ; _c24 cm. |
||
| 500 | _aIndex : p. 379-388. | ||
| 504 | _aIncludes bibliographical references. | ||
| 650 | 0 |
_aRisk management _912222 |
|
| 653 |
_bBus _cJanuary2014 |
||
| 655 |
_vtext book _933728 |
||
| 942 |
_2ddc _k658.155 DAM |
||
| 999 |
_c17955 _d17927 |
||